000 00660cam a22002172 4500
001 0000000806
003 OSt
005 20230208145415.0
008 070220s xx 000 0 eng d
020 _a0830853120
_cGBP 25
040 _aKABU
_cKABU
050 0 _aBS1227
_b.M33 2002
100 1 _aMcConville J. Gordon
245 1 0 _aExploring the Old Testament :
_ba guide to the Prophets /
_cJ. Gordon McConville
260 _aDowners Grove, Ill. :
_bInter Varsity Press,
_c2002
300 _axxxii, 272p.
630 0 0 _aBible.
_pO.T.
_pPentateuch.
_xStudy & teaching.
908 _a070220
942 _2lcc
_cBK
999 _c19941
_d19940